000 00975nam a22002897a 4500
003 CHAP
005 20220329133911.0
008 971013s1964 at r 00010 spa d
010 _a12449
011 _a13421
035 _a17492
040 _cCHAP
090 _aR-2312Y
100 0 0 _aGillespie, D. T. C.
_948023
245 1 0 _aAdministración de la investigación en el Commonwealth Scientific and Industrial Research Organization, Australia
_c/por D. T. C. Gillespie
500 _aSobretiro de : Public administration 23(1): 11-31, 1964
501 _aEnc. con otros impresos similares
590 _aBATCH-UPD
_b10
_c20130110
_lUCH01
_h1357
590 _aBATCH-UPD
_b10
_c20130410
_lUCH01
_h0851
590 _aBATCH-UPD
_b10
_c20130914
_lUCH01
_h0933
590 _aCONVERSION
_b10
_c20130109
_lUCH01
_h1308
650 1 4 _aAustralia
_xInvestigación.
_98367
650 1 4 _aCiencia.
_923107
901 _aBK
942 _cREIMP
949 _aR-2312Y
_bBC
_cR
_d-41258
_eTS1
_i17492
_si
999 _c12449
_d12449